Statistics for Midnights by Taylor Swift tracklist

Click here to take the quiz!

General Stats

  • This quiz has been taken 4,431 times
  • The average score is 10 of 13

Answer Stats

HintAnswer% Correct
Track 1Lavender Haze
94%
Track 3Anti-Hero
92%
Track 2Maroon
89%
Track 11Karma
85%
Track 4Snow On The Beach
84%
Track 6Midnight Rain
82%
Track 5You're On Your Own, Kid
81%
Track 9Bejeweled
77%
Track 13Mastermind
77%
Track 8Vigilante Shit
76%
Track 7Question...?
72%
Track 10Labyrinth
69%
Track 12Sweet Nothing
67%

Score Distribution

Percentile by Number Answered

Percent of People with Each Score

Your Score History

You have not taken this quiz